ARRUPE JESUIT UNIVERSITY

CORONAVIRUS -STOP THE SPREAD - CLEAN,DISINFECT,COVER

Ethiopia : (Record no. 130643)

MARC details
000 -LEADER
fixed length control field 01108cam a2200313 a 4500
001 - CONTROL NUMBER
control field 13346927
003 - CONTROL NUMBER IDENTIFIER
control field ARRUPE
005 - DATE AND TIME OF LATEST TRANSACTION
control field 20211004090324.0
008 - FIXED-LENGTH DATA ELEMENTS--GENERAL INFORMATION
fixed length control field 021120t2001 et a bs 001 0 eng
010 ## - LIBRARY OF CONGRESS CONTROL NUMBER
LC control number 2002375841
020 ## - INTERNATIONAL STANDARD BOOK NUMBER
Cancelled/invalid ISBN 09424157917
035 ## - SYSTEM CONTROL NUMBER
System control number (DLC) 2002375841
040 ## - CATALOGING SOURCE
Original cataloging agency DLC
Transcribing agency DLC
Modifying agency DLC
042 ## - AUTHENTICATION CODE
Authentication code lcode
043 ## - GEOGRAPHIC AREA CODE
Geographic area code f-et---
050 00 - LIBRARY OF CONGRESS CALL NUMBER
Classification number HC845
Item number .K56 2001
082 00 - DEWEY DECIMAL CLASSIFICATION NUMBER
Classification number 338.963
Edition number 22
300 ## - PHYSICAL DESCRIPTION
Other physical details ill. ;
Dimensions 21 cm.
100 0# - MAIN ENTRY--PERSONAL NAME
Personal name Kinfe Abraham.
9 (RLIN) 50193
245 10 - TITLE STATEMENT
Title Ethiopia :
Remainder of title the dynamics of economic reforms /
Statement of responsibility, etc Kinfe Abraham.
246 1# - VARYING FORM OF TITLE
Display text Other title information from cover:
Title proper/short title Economic liberalization and political transformation
260 ## - PUBLICATION, DISTRIBUTION, ETC. (IMPRINT)
Place of publication, distribution, etc Addis Ababa :
Name of publisher, distributor, etc Ethiopian International Institute for Peace and Development,
Date of publication, distribution, etc c2001.
300 ## - PHYSICAL DESCRIPTION
Extent 422 p. :
504 ## - BIBLIOGRAPHY, ETC. NOTE
Bibliography, etc Includes bibliographical references (p. 415-420) and index.
651 #0 - SUBJECT ADDED ENTRY--GEOGRAPHIC NAME
Geographic name Ethiopia
General subdivision Economic policy.
9 (RLIN) 50187
651 #0 - SUBJECT ADDED ENTRY--GEOGRAPHIC NAME
Geographic name Ethiopia
General subdivision Economic conditions
Chronological subdivision 1974-
9 (RLIN) 50186
906 ## - LOCAL DATA ELEMENT F, LDF (RLIN)
a 7
b cbc
c origode
d 3
e ncip
f 20
g y-gencatlg
942 ## - ADDED ENTRY ELEMENTS (KOHA)
Source of classification or shelving scheme Library of Congress Classification
Koha item type Monograph ( Printed materials)
Holdings
Withdrawn status Lost status Source of classification or shelving scheme Damaged status Not for loan Collection code Home library Current library Shelving location Date acquired Total Checkouts Full call number Barcode Date last seen Price effective from Koha item type
    Library of Congress Classification     Main Collection ARRUPE LIBRARY ARRUPE LIBRARY Main Collection 04/10/2021   HC845 .K56 2001 46600007908 04/10/2021 04/10/2021 Monograph ( Printed materials)

 

Arrupe Library. PO Box MP320 Mt Pleasant, Harare, Zimbabwe
263 242 745411|librarian@aju.ac.zw